• 首页
  • 本馆介绍
  • 公告通知
  • 最新文献
  • 馆藏检索
  • 电子资源
  • 读者导购
  • 参考咨询
  • 我的图书馆
  • 登录
  • 详细信息显示
  • 放入我的书架
  • 预约/预借图书
  • 作者相关作品
  • 分类相关作品
  • 丛书相关作品
  • 出版社相关作品

书目信息

  • 表格格式
  • 工作单格式
  • 卡片格式
题名:
不可思议的昆虫世界
    
 
作者: 矢岛稔 著 ;李金花 译
分册:  
出版信息: 上海   百家出版社  2004
页数: 194页
开本: 20cm
丛书名: 大自然物语
单 册:
中图分类: Q96-49
科图分类:
主题词: 昆虫--普及读物
电子资源:
ISBN: 7-80703-112-3
000 00884nam0 2200265 450
001 TS2006035540
005 20061228101543.21
010    @a7-80703-112-3@dCNY19.00
100    @a20060829d2004 em y0chiy0110 ea
101 1  @achi@cjpn
102    @aCN@b310000
105    @aa z 000yy
200 1  @a不可思议的昆虫世界@ABu Ke Si Yi De Kun Chong Shi Jie@f(日)矢岛稔著@F( Ri ) Shi Dao Ren Zhu@g李金花译
210    @a上海@c百家出版社@d2004
215    @a194页@c插图@d20cm
225 2  @a大自然物语
305    @a由博达著作权代理有限公司授权出版
330    @a本书介绍了昆虫是什么样的生物、甲虫类昆虫受欢迎的秘密、戏剧的舞台——草丛、生存的技巧及其多样性等知识。
410  0 @12001 @a大自然物语
606 0  @a昆虫@x普及读物
690    @aQ96-49@v4
701  0 @a矢岛稔@AShi Dao Ren@4著
702  0 @a李金花@ALi Jin Hua@4译
801  0 @aCN@b中图数据@c20061228
905    @a10447@dQ96-49@e20
    
    不可思议的昆虫世界/(日)矢岛稔著/李金花译.-上海:百家出版社,2004
    194页:插图;20cm.-(大自然物语)
    
    
    ISBN 7-80703-112-3:CNY19.00
    本书介绍了昆虫是什么样的生物、甲虫类昆虫受欢迎的秘密、戏剧的舞台——草丛、生存的技巧及其多样性等知识。
●
相关链接 在E读中查询图书 在五车中查询图书 在当当中查询图书 在豆瓣中查询图书


正题名:不可思议的昆虫世界     索取号:Q96-49/20         预约/预借

序号 登录号 条形码 馆藏地/架位号 状态 备注
1 0607092   206070927   第二样本阅览室/ [索取号:Q96-49/20] 在馆    
2 0607093   206070936   第三借阅区/ [索取号:Q96-49/20] 在馆    
3 0607094   206070945   第三借阅区/ [索取号:Q96-49/20] 在馆    
4 0607095   206070954   第三借阅区/ [索取号:Q96-49/20] 在馆    
5 0607096   206070963   第三借阅区/ [索取号:Q96-49/20] 在馆    
6 0607097   206070972   第三借阅区/ [索取号:Q96-49/20] 在馆    
7 0607098   206070981   第三借阅区/ [索取号:Q96-49/20] 在馆    
8 0607099   206070990   第三借阅区/ [索取号:Q96-49/20] 在馆    
唐山师范学院图书馆 欢迎您!
大连网信软件有限公司© 版权所有